00801nam a22002177a 450000500170000001000260001702000110004303500140005403500140006803700090008208200110009110000250010224500430012726000320017027000100020230000190021294200220023199900190025395201540027295201570042620260604112514.0 aENG-147117 ENG-148733 c175.00 aEN-130649 aEN-132265 bDBAD a88121 aHumayun Kabir985713 aBapuji and other Poems/cHumayun Kabir aUtkalbJahangir Kabirc2023 bUtkal a91p.c19cm(hb) 2ddccENh881mHUM c213794d213794 001040708NFICaZLSbZLSd2025-11-21eDelivery of Books Act Divisiong175.00l0o881 HUMpEN-130649r2025-11-21 00:00:00t1v175.00w2025-11-21yEN 001040718NFICaDBADbDBADd2026-06-04eDelivery of Books Act Divisiong175.00l0o881 HUMpEN-132265r2026-06-04 11:25:56t 1v175.00w2026-06-04yEN